Partidos políticos que venceram as eleições nacionais de - Statistics

Estatísticas Gerais
  • Esse quiz foi jogado 36 vezes
  • A pontuação média é 17 de 32
Estatísticas das Respostas
Ano Candidato Resposta % Correto
2002 Lula PT
94%
2006 Lula PT
94%
2010 Dilma PT
94%
2014 Dilma PT
94%
2022 Lula PT
94%
1945 Eurico Gaspar Dutra PSD
88%
1955 Juscelino Kubitschek PSD
88%
1994 Fernando Henrique Cardoso PSDB
85%
1998 Fernando Henrique Cardoso PSDB
85%
1966 Arthur da Costa e Silva ARENA
73%
1969 Emílio Garrastazu Médici ARENA
73%
1974 Ernesto Geisel ARENA
73%
1978 João Figueiredo ARENA
73%
1985 Tancredo Neves PMDB
70%
2018 Jair Bolsonaro PSL
58%
1950 Getúlio Vargas PTB
48%
1989 Fernando Collor PRN
45%
1898 Campos Sales PRP
39%
1902 Rodrigues Alves PRP
39%
1918 Rodrigues Alves PRP
39%
1926 Washington Luís PRP
39%
1930 Júlio Prestes PRP
39%
1906 Afonso Pena PRM
27%
1914 Venceslau Brás PRM
27%
1919 Epitácio Pessoa PRM
27%
1922 Artur Bernardes PRM
27%
1960 Jânio Quadros PTN
27%
1910 Hermes da Fonseca PRC
12%
1894 Prudente de Moraes PR Federal
12%
1891 Deodoro da Fonseca nenhum
9%
1934 Getúlio Vargas nenhum
9%
1964 Castelo Branco nenhum
9%
Nenhum quiz correspondente encontrado
Distribuição das Pontuações
Porcentagem de Pessoas com Cada Pontuação
Percentil de Números Respondidos
Sua Pontuação Histórica
Você não jogou esse quiz